000
00321nam a2200133Ia 4500
008
240624s9999 xx 000 0 und d
041
_a
eng
082
_a
823 SUN
100
_a
SUNDARESAN INDU
245
_a
FEAST OF ROSES
260
_c
2012
_a
New Delhi
_b
HarperCollins
300
_a
458 : p. : cm. ; 20
365
_c
RS
_b
25
999
_c
18491
_d
18491